000 00281nam a22001337a 4500
008 170614b xxu||||| |||| 00| 0 eng d
020 _a0521096944
041 _aeng
080 _a32
100 _a19
101 _aSHP
245 _aWORLD SOCIETY
_cBURTON.J.W
942 _2udc
_cBK
999 _c17247
_d17247